00319nam a2200109Ia 4500008004100000100007400041245004100115260000900156650002000165942000700185999001700192190216s9999||||xx |||||||||||||| ||und|| a"Samuel C Brownstein, Mitchel Weiner&Amp; Sharon Weiner Green" 0aMitionary Malayala Gadhya Mathrkakal bNull aEssay Malayalam cBK c25343d25343